000
00300nam a2200121Ia 4500
008
190216s9999||||xx |||||||||||||| ||und||
100
_a
Madhu Manjulalayam
245
0
_a
Oru Post Graduate Yuvavinte Antyam
260
_b
Poorna Pubs Kozhikode
_c
1990
300
_a
120p
650
_a
Novel
942
_c
BK
999
_c
27264
_d
27264